General introduction to natural fibres/ (Record no. 163563)

MARC details
000 -LEADER
fixed length control field 00585nam a2200181 4500
005 - DATE AND TIME OF LATEST TRANSACTION
control field 20190424110753.0
010 ## - LCCN (DPL NO)
LC control number ENG-125066
020 ## - INTERNATIONAL STANDARD BOOK NUMBER
International Standard Book Number 9789387871335
Terms of availability 170.00
035 ## - SYSTEM CONTROL NUMBER
System control number EN-108598
037 ## - SOURCE OF ACQUISITION
Source of stock number/acquisition DBAD/PUB
082 ## - DEWEY DECIMAL CLASSIFICATION NUMBER
Classification number 677.028
100 ## - MAIN ENTRY--PERSONAL NAME
Personal name Manonmani, G.
245 ## - TITLE STATEMENT
Title General introduction to natural fibres/
Statement of responsibility, etc by G. Mamonmani
260 ## - PUBLICATION, DISTRIBUTION, ETC. (IMPRINT)
Place of publication, distribution, etc Madurai
Name of publisher, distributor, etc Shanlax Publications
Date of publication, distribution, etc 2018
270 ## - ADDRESS
Address 61,66 T.P.K. Main Road
City Vasantha Nagar
Postal code 625003
Telephone number 0425-4208765
Electronic mail address publishers@shanlaxpublication.com
300 ## - PHYSICAL DESCRIPTION
Extent 93p.
Dimensions 22cm.(Pbk)
942 ## - ADDED ENTRY ELEMENTS (KOHA)
Source of classification or shelving scheme Dewey Decimal Classification
Item type English Books
Classification part 677.028
Call number suffix MAN
Holdings
Withdrawn status Lost status Not for loan Collection code Home library Current library Date acquired Source of acquisition Cost, normal purchase price Full call number Barcode Copy number Cost, replacement price Koha item type
    Not For Loan Non-fiction D.B.Act.Division Ashok Vihar 24/04/2019 DBAD/PUB 170.00 677.028 MAN EN-108598 1 170.00 English Books

© Delhi Public Library
Hit Counter
free hit counter